[Event "1.CLZ 14/15,Unichess B-TJ Spartak Vlasim"]
[Site "Praha"]
[Date "2015.03.22"]
[Round "10.1"]
[White "Svatos, Jan"]
[Black "Konopka, Michal"]
[Result "1/2-1/2"]
[BlackElo "2423"]
[WhiteElo "2226"]
[LiveChessVersion "1.4.4"]

1. e4 {[%clk 1:30:42]} e5 {[%clk 1:29:48]} 2. Nf3 {[%clk 1:31:05]} Nf6
{[%clk 1:30:14]} 3. Nxe5 {[%clk 1:31:26]} d6 {[%clk 1:30:38]} 4. Nf3
{[%clk 1:31:40]} Nxe4 {[%clk 1:31:03]} 5. Nc3 {[%clk 1:31:57]} Nxc3
{[%clk 1:31:29]} 6. dxc3 {[%clk 1:32:21]} Be7 {[%clk 1:31:56]} 7. Bf4
{[%clk 1:29:38]} Nc6 {[%clk 1:32:09]} 8. Nd4 {[%clk 1:26:35]} Nxd4
{[%clk 1:27:04]} 9. cxd4 {[%clk 1:24:18]} Bf5 {[%clk 1:19:17]} 10. Bd3
{[%clk 1:22:54]} Qd7 {[%clk 1:18:17]} 11. O-O {[%clk 1:23:16]} O-O
{[%clk 1:17:35]} 12. h3 {[%clk 1:14:42]} Rfe8 {[%clk 1:16:30]} 13. Re1
{[%clk 1:03:29]} Bf6 {[%clk 1:16:04]} 14. Qd2 {[%clk 1:03:39]} g6
{[%clk 1:07:08]} 15. Bh6 {[%clk 0:57:14]} Bxd3 {[%clk 0:52:10]} 16. Qxd3
{[%clk 0:57:36]} d5 {[%clk 0:44:56]} 17. c3 {[%clk 0:51:21]} c6 {[%clk 0:43:52]}
18. Qf3 {[%clk 0:48:20]} Bg7 {[%clk 0:41:54]} 19. Bd2 {[%clk 0:33:27]} b5
{[%clk 0:41:53]} 20. a3 {[%clk 0:30:33]} a5 {[%clk 0:37:52]} 21. b4
{[%clk 0:26:42]} h5 {[%clk 0:25:33]} 22. Rab1 {[%clk 0:11:43]} a4
{[%clk 0:21:01]} 23. g4 {[%clk 0:09:32]} hxg4 {[%clk 0:20:36]} 24. Qxg4
{[%clk 0:07:02]} Qxg4+ {[%clk 0:12:30]} 25. hxg4 {[%clk 0:07:31]} f6
{[%clk 0:10:57]} 26. f3 {[%clk 0:05:08]} Kf7 {[%clk 0:11:20]} 27. Kf2
{[%clk 0:04:56]} g5 {[%clk 0:05:56]} 28. Rxe8 {[%clk 0:05:07]} Rxe8
{[%clk 0:06:21]} 29. Re1 {[%clk 0:04:51]} Rh8 {[%clk 0:06:16]} 30. Kg2
{[%clk 0:05:09]} Bf8 {[%clk 0:06:03]} 31. Rh1 {[%clk 0:05:17]} Rg8
{[%clk 0:02:05]} 32. Rh7+ {[%clk 0:03:11]} Bg7 {[%clk 0:01:55]} 33. Kf2
{[%clk 0:03:19]} Re8 {[%clk 0:02:06]} 34. Rh1 {[%clk 0:03:17]} Bf8
{[%clk 0:02:05]} 35. Rh7+ {[%clk 0:01:39]} Bg7 {[%clk 0:01:53]} 36. Rh1
{[%clk 0:02:02]} Kg6 {[%clk 0:02:00]} 37. Re1 {[%clk 0:02:18]} Rxe1
{[%clk 0:02:00]} 38. Bxe1 {[%clk 0:02:20]} Bf8 {[%clk 0:01:57]} 39. Kg2
{[%clk 0:00:46]} Bd6 {[%clk 0:02:07]} 40. Bg3 {[%clk 0:00:55]} Bf4
{[%clk 0:01:26]} 41. Bxf4 {[%clk 0:01:18]} gxf4 {[%clk 0:01:51]} 42. Kh1
{[%clk 0:01:13]} f5 {[%clk 0:00:32]} 43. gxf5+ 1/2-1/2

[Event "1.CLZ 14/15,Unichess B-TJ Spartak Vlasim"]
[Site "Praha"]
[Date "2015.03.22"]
[Round "10.2"]
[White "Mejzlik, Ondrej"]
[Black "Bartos, Jan"]
[Result "1-0"]
[BlackElo "2221"]
[WhiteElo "2326"]
[LiveChessVersion "1.4.4"]

1. c4 {[%clk 1:30:56]} e6 {[%clk 1:30:41]} 2. Nc3 {[%clk 1:31:19]} d5
{[%clk 1:31:02]} 3. d4 {[%clk 1:31:42]} Be7 {[%clk 1:31:23]} 4. Nf3
{[%clk 1:32:05]} Nf6 {[%clk 1:31:49]} 5. Bf4 {[%clk 1:30:18]} O-O
{[%clk 1:29:51]} 6. e3 {[%clk 1:30:46]} Nbd7 {[%clk 1:30:14]} 7. Bd3
{[%clk 1:30:10]} dxc4 {[%clk 1:27:23]} 8. Bxc4 {[%clk 1:30:37]} a6
{[%clk 1:27:46]} 9. O-O {[%clk 1:29:02]} b5 {[%clk 1:27:55]} 10. Bd3
{[%clk 1:29:29]} c5 {[%clk 1:27:22]} 11. Ne4 {[%clk 1:28:51]} Nxe4
{[%clk 1:24:42]} 12. Bxe4 {[%clk 1:29:15]} Ra7 {[%clk 1:24:58]} 13. Qc2
{[%clk 1:20:37]} Nf6 {[%clk 1:23:56]} 14. dxc5 {[%clk 1:03:29]} Nxe4
{[%clk 1:23:56]} 15. Qxe4 {[%clk 1:03:51]} Bxc5 {[%clk 1:23:57]} 16. Rac1
{[%clk 1:03:51]} Bb7 {[%clk 1:04:05]} 17. Qc2 {[%clk 1:02:27]} Bb6
{[%clk 1:00:52]} 18. Rfd1 {[%clk 0:55:25]} Qa8 {[%clk 1:00:59]} 19. Ng5
{[%clk 0:45:52]} g6 {[%clk 1:01:09]} 20. Rd6 {[%clk 0:45:34]} Bd8
{[%clk 0:52:06]} 21. Rd7 {[%clk 0:42:45]} e5 {[%clk 0:30:37]} 22. Qb3
{[%clk 0:42:00]} Bd5 {[%clk 0:13:25]} 23. Qxd5 {[%clk 0:37:46]} Qxd5
{[%clk 0:13:05]} 24. Rxd5 {[%clk 0:38:14]} exf4 {[%clk 0:13:29]} 25. exf4
{[%clk 0:38:26]} Re8 {[%clk 0:12:36]} 26. Nf3 {[%clk 0:37:13]} Bf6
{[%clk 0:11:46]} 27. Rc2 {[%clk 0:36:57]} Re4 {[%clk 0:10:19]} 28. g3
{[%clk 0:36:18]} Rb4 {[%clk 0:10:13]} 29. b3 {[%clk 0:36:12]} Kg7
{[%clk 0:08:25]} 30. Rc6 {[%clk 0:35:44]} a5 {[%clk 0:06:06]} 31. Rb6
{[%clk 0:33:54]} a4 {[%clk 0:06:30]} 32. Rdxb5 {[%clk 0:33:54]} axb3
{[%clk 0:06:19]} 33. axb3 {[%clk 0:34:00]} Re4 {[%clk 0:05:51]} 34. Rb7
{[%clk 0:34:02]} Ra1+ {[%clk 0:05:24]} 35. Kg2 {[%clk 0:34:25]} Ra2
{[%clk 0:04:43]} 36. Ne5 {[%clk 0:33:20]} Bxe5 {[%clk 0:04:00]} 37. Rxe5
{[%clk 0:33:42]} Ree2 {[%clk 0:01:27]} 38. Rxe2 {[%clk 0:33:33]} Rxe2
{[%clk 0:01:45]} 39. b4 {[%clk 0:33:58]} Rb2 {[%clk 0:01:51]} 40. b5
{[%clk 0:34:19]} h5 {[%clk 0:01:58]} 41. b6 {[%clk 0:34:16]} Kf6 {[%clk 0:01:44]}
42. Rb8 {[%clk 0:32:23]} Kf5 {[%clk 0:00:36]} 43. b7 {[%clk 0:31:00]} Rb3
{[%clk 0:29:04]} 44. h3 {[%clk 1:02:02]} Rb2 {[%clk 0:28:56]} 45. Kf3
{[%clk 1:01:41]} Rb3+ {[%clk 0:29:10]} 46. Ke2 {[%clk 1:02:04]} Kf6
{[%clk 0:27:14]} 47. f3 {[%clk 1:01:58]} Kg7 {[%clk 0:25:49]} 48. h4
{[%clk 1:00:21]} f5 {[%clk 0:22:05]} 49. g4 {[%clk 0:58:41]} Rb1 {[%clk 0:18:33]}
50. gxh5 {[%clk 0:57:35]} gxh5 {[%clk 0:18:57]} 51. Kd3 {[%clk 0:57:50]} Rb2
{[%clk 0:18:47]} 52. Kd4 {[%clk 0:58:09]} Rb1 {[%clk 0:18:19]} 53. Ke5
{[%clk 0:58:32]} Rb5+ {[%clk 0:18:30]} 54. Ke6 {[%clk 0:58:53]} Kh7
{[%clk 0:14:04]} 55. Kf6 {[%clk 0:59:07]} 1-0

[Event "1.CLZ 14/15,Unichess B-TJ Spartak Vlasim"]
[Site "Praha"]
[Date "2015.03.22"]
[Round "10.3"]
[White "Kozak, Milos"]
[Black "Vojta, Tomas"]
[Result "1/2-1/2"]
[BlackElo "2373"]
[WhiteElo "2145"]
[LiveChessVersion "1.4.4"]

1. d4 {[%clk 1:30:57]} d5 {[%clk 1:30:49]} 2. c4 {[%clk 1:31:04]} Nc6
{[%clk 1:30:44]} 3. Nc3 {[%clk 1:30:58]} Nf6 {[%clk 1:30:50]} 4. cxd5
{[%clk 1:30:19]} Nxd5 {[%clk 1:31:00]} 5. Nf3 {[%clk 1:29:59]} e5
{[%clk 1:26:50]} 6. dxe5 {[%clk 1:29:52]} Be6 {[%clk 1:25:17]} 7. Nxd5
{[%clk 1:00:15]} Bxd5 {[%clk 1:20:55]} 8. Bd2 {[%clk 0:57:53]} Bc5
{[%clk 1:14:57]} 9. Qc2 {[%clk 0:49:59]} Qe7 {[%clk 1:06:34]} 10. e4
{[%clk 0:39:43]} Be6 {[%clk 0:57:55]} 11. Bb5 {[%clk 0:30:35]} Bd7
{[%clk 0:47:11]} 12. O-O {[%clk 0:29:58]} Nxe5 {[%clk 0:45:39]} 13. Bxd7+
{[%clk 0:30:02]} Nxd7 {[%clk 0:45:44]} 14. e5 {[%clk 0:20:22]} h6
{[%clk 0:40:27]} 15. b4 {[%clk 0:19:24]} Bb6 {[%clk 0:39:09]} 16. a4
{[%clk 0:19:02]} c5 {[%clk 0:30:04]} 17. a5 {[%clk 0:02:20]} Bc7 {[%clk 0:27:38]}
18. Rfe1 {[%clk 0:01:07]} O-O {[%clk 0:25:49]} 19. Qe4 {[%clk 0:01:02]} Rab8
{[%clk 0:24:12]} 20. Rac1 {[%clk 0:00:46]} Rfe8 {[%clk 0:19:51]} 21. bxc5
{[%clk 0:00:38]} Nxe5 {[%clk 0:18:13]} 22. Nxe5 {[%clk 0:00:51]} Bxe5
{[%clk 0:16:57]} 23. f4 {[%clk 0:00:37]} Qd7 {[%clk 0:11:59]} 24. fxe5
{[%clk 0:00:41]} Qxd2 {[%clk 0:12:28]} 25. a6 {[%clk 0:00:59]} bxa6
{[%clk 0:12:44]} 26. c6 {[%clk 0:01:24]} Rb4 {[%clk 0:10:58]} 27. Qe3
{[%clk 0:00:36]} Qxe3+ {[%clk 0:07:43]} 28. Rxe3 {[%clk 0:01:05]} Rc8
{[%clk 0:08:06]} 29. e6 {[%clk 0:00:43]} fxe6 {[%clk 0:07:37]} 30. Rxe6
{[%clk 0:01:11]} Rb6 {[%clk 0:07:19]} 31. Rd6 a5 {[%clk 0:06:43]} 32. Kf2
{[%clk 0:00:37]} a4 {[%clk 0:06:02]} 33. Rd7 {[%clk 0:00:45]} Rcxc6
{[%clk 0:05:22]} 34. Rxc6 {[%clk 0:01:08]} Rxc6 {[%clk 0:05:51]} 35. Rxa7
{[%clk 0:01:28]} Rc4 {[%clk 0:05:06]} 36. h3 {[%clk 0:01:22]} h5 {[%clk 0:05:20]}
37. g3 {[%clk 0:01:28]} Kh7 {[%clk 0:05:22]} 38. Ra6 {[%clk 0:01:19]} g6
{[%clk 0:05:22]} 39. Ra7+ {[%clk 0:01:22]} Kh6 {[%clk 0:05:34]} 40. h4
{[%clk 0:01:40]} Rb4 {[%clk 0:05:50]} 41. Kg2 {[%clk 0:27:23]} Rg4
{[%clk 0:31:59]} 42. Kf3 {[%clk 0:24:44]} Rc4 {[%clk 0:32:03]} 43. Kg2
{[%clk 0:23:20]} Rc2+ {[%clk 0:31:38]} 44. Kh1 {[%clk 0:22:41]} Rc3
{[%clk 0:28:16]} 45. Rxa4 {[%clk 0:16:25]} Rxg3 {[%clk 0:28:37]} 46. Kh2
{[%clk 0:16:50]} Rf3 {[%clk 0:27:15]} 47. Ra7 {[%clk 0:16:37]} Rf8
{[%clk 0:27:18]} 48. Kg3 {[%clk 0:12:49]} Rg8 {[%clk 0:23:11]} 49. Kf4
{[%clk 0:12:20]} Rf8+ {[%clk 0:22:59]} 50. Kg3 {[%clk 0:11:59]} Rb8
{[%clk 0:23:19]} 51. Kh3 {[%clk 0:11:48]} Rg8 {[%clk 0:21:46]} 52. Kg3
{[%clk 0:11:50]} Rg7 {[%clk 0:21:44]} 53. Rxg7 {[%clk 0:11:39]} Kxg7
{[%clk 0:21:48]} 54. Kf4 {[%clk 0:12:03]} Kh6 {[%clk 0:21:26]} 55. Ke4
{[%clk 0:11:41]} g5 {[%clk 0:21:24]} 1/2-1/2

[Event "1.CLZ 14/15,Unichess B-TJ Spartak Vlasim"]
[Site "Praha"]
[Date "2015.03.22"]
[Round "10.4"]
[White "Rydl, Jiri"]
[Black "Dvorak, Jan"]
[Result "1-0"]
[BlackElo "2197"]
[WhiteElo "2203"]
[LiveChessVersion "1.4.4"]

1. e4 {[%clk 1:29:41]} e6 {[%clk 1:30:54]} 2. d4 {[%clk 1:29:53]} d5
{[%clk 1:31:19]} 3. Nd2 {[%clk 1:29:58]} Be7 {[%clk 1:31:42]} 4. Bd3
{[%clk 1:29:52]} c5 {[%clk 1:31:58]} 5. dxc5 {[%clk 1:29:55]} Nf6
{[%clk 1:32:12]} 6. Qe2 {[%clk 1:29:33]} a5 {[%clk 1:32:30]} 7. Ngf3
{[%clk 1:28:52]} Na6 {[%clk 1:32:16]} 8. Bb5+ {[%clk 1:24:03]} Bd7
{[%clk 1:30:37]} 9. Ne5 {[%clk 1:21:39]} Nxc5 {[%clk 1:29:22]} 10. Nxd7
{[%clk 1:19:45]} Nfxd7 {[%clk 1:27:35]} 11. exd5 {[%clk 1:15:36]} exd5
{[%clk 1:20:04]} 12. Qe5 {[%clk 1:11:05]} Qb6 {[%clk 1:07:37]} 13. Bxd7+
{[%clk 1:06:44]} Nxd7 {[%clk 1:08:01]} 14. Qxd5 {[%clk 1:06:04]} Nf6
{[%clk 1:07:21]} 15. Qf3 {[%clk 0:54:31]} Rc8 {[%clk 0:58:53]} 16. c3
{[%clk 0:51:46]} Qe6+ {[%clk 0:56:46]} 17. Qe2 {[%clk 0:48:38]} Rc6
{[%clk 0:55:14]} 18. Nf3 {[%clk 0:45:49]} Qxe2+ {[%clk 0:39:13]} 19. Kxe2
{[%clk 0:46:06]} Re6+ {[%clk 0:39:14]} 20. Be3 {[%clk 0:43:41]} Bc5
{[%clk 0:37:37]} 21. Nd4 {[%clk 0:34:28]} Bxd4 {[%clk 0:36:44]} 22. cxd4
{[%clk 0:34:50]} O-O {[%clk 0:36:51]} 23. Kd3 {[%clk 0:34:04]} Nd5
{[%clk 0:31:41]} 24. Bd2 {[%clk 0:31:26]} Rb6 {[%clk 0:27:16]} 25. b3
{[%clk 0:30:15]} Ra8 {[%clk 0:25:32]} 26. Rhc1 {[%clk 0:28:39]} Rd6
{[%clk 0:20:53]} 27. Rc4 {[%clk 0:21:43]} Ne7 {[%clk 0:13:46]} 28. Bf4
{[%clk 0:14:29]} Rd5 {[%clk 0:12:05]} 29. Rc5 {[%clk 0:13:24]} Rad8
{[%clk 0:11:47]} 30. Rxd5 {[%clk 0:13:32]} Nxd5 {[%clk 0:10:46]} 31. Bd2
{[%clk 0:13:49]} b6 {[%clk 0:10:39]} 32. Rc1 {[%clk 0:09:41]} Kf8
{[%clk 0:10:05]} 33. Rc6 {[%clk 0:09:06]} Ke7 {[%clk 0:09:45]} 34. Kc4
{[%clk 0:08:53]} Rd6 {[%clk 0:08:54]} 35. Rc8 {[%clk 0:06:13]} Ke6
{[%clk 0:07:21]} 36. Re8+ {[%clk 0:05:21]} Ne7 {[%clk 0:06:07]} 37. Be3
{[%clk 0:03:59]} Kd7 {[%clk 0:03:37]} 38. Rf8 {[%clk 0:03:04]} Ke6
{[%clk 0:02:56]} 39. Re8 {[%clk 0:01:50]} Kd7 {[%clk 0:03:19]} 40. Rh8
{[%clk 0:01:58]} h6 {[%clk 0:02:27]} 41. a3 {[%clk 0:24:09]} Kc6 {[%clk 0:30:17]}
42. Rf8 {[%clk 0:22:21]} Rf6 {[%clk 0:30:09]} 43. g4 {[%clk 0:19:19]} Rf3
{[%clk 0:22:20]} 44. Kd3 {[%clk 0:17:25]} Kd5 {[%clk 0:19:36]} 45. Rd8+
{[%clk 0:17:08]} Kc6 {[%clk 0:19:25]} 46. Ke4 {[%clk 0:14:28]} Rf6
{[%clk 0:18:26]} 47. d5+ {[%clk 0:12:33]} Kc7 {[%clk 0:18:52]} 48. Rf8
{[%clk 0:11:01]} Kd6 {[%clk 0:18:53]} 49. Bd4 {[%clk 0:07:37]} Rg6
{[%clk 0:18:30]} 50. Be5+ {[%clk 0:07:53]} Kc5 {[%clk 0:16:47]} 51. b4+
{[%clk 0:06:07]} axb4 {[%clk 0:16:15]} 52. axb4+ {[%clk 0:06:32]} Kxb4
{[%clk 0:14:11]} 53. Rxf7 {[%clk 0:06:37]} Nc8 {[%clk 0:13:09]} 54. Rxg7
{[%clk 0:06:20]} 1-0

[Event "1.CLZ 14/15,Unichess B-TJ Spartak Vlasim"]
[Site "Praha"]
[Date "2015.03.22"]
[Round "10.5"]
[White "Jascenko, Olga"]
[Black "Volak, Michal"]
[Result "1-0"]
[BlackElo "2173"]
[WhiteElo "2169"]
[LiveChessVersion "1.4.4"]

1. d4 {[%clk 1:23:18]} Nf6 {[%clk 1:30:57]} 2. c4 {[%clk 1:23:25]} g6
{[%clk 1:31:12]} 3. Nc3 {[%clk 1:23:52]} Bg7 {[%clk 1:31:36]} 4. e4
{[%clk 1:24:18]} d6 {[%clk 1:32:01]} 5. Be2 {[%clk 1:24:32]} O-O {[%clk 1:32:24]}
6. Bg5 {[%clk 1:24:44]} c5 {[%clk 1:27:44]} 7. d5 {[%clk 1:25:01]} Qa5
{[%clk 1:11:56]} 8. Qd2 {[%clk 1:23:59]} e5 {[%clk 1:12:17]} 9. h4
{[%clk 1:15:53]} Re8 {[%clk 1:03:43]} 10. h5 {[%clk 1:06:46]} a6 {[%clk 1:03:41]}
11. hxg6 {[%clk 1:04:50]} fxg6 {[%clk 1:02:53]} 12. Nf3 {[%clk 0:54:42]} Nbd7
{[%clk 0:53:40]} 13. Rh4 {[%clk 0:48:58]} Nf8 {[%clk 0:52:11]} 14. O-O-O
{[%clk 0:43:00]} Bd7 {[%clk 0:48:00]} 15. Rdh1 {[%clk 0:41:20]} b5
{[%clk 0:45:08]} 16. Kb1 {[%clk 0:41:30]} Rab8 {[%clk 0:40:27]} 17. Nh2
{[%clk 0:28:55]} Qb4 {[%clk 0:32:55]} 18. Bh6 {[%clk 0:22:48]} Bxh6
{[%clk 0:26:36]} 19. Rxh6 {[%clk 0:22:54]} bxc4 {[%clk 0:25:57]} 20. g4
{[%clk 0:20:36]} Rb7 {[%clk 0:25:17]} 21. g5 {[%clk 0:07:52]} Nxe4
{[%clk 0:24:32]} 22. Nxe4 {[%clk 0:06:50]} Bf5 {[%clk 0:24:58]} 23. Ka1
{[%clk 0:06:24]} Bxe4 {[%clk 0:25:08]} 24. Qxb4 {[%clk 0:06:23]} cxb4
{[%clk 0:19:50]} 25. f3 {[%clk 0:05:20]} Bf5 {[%clk 0:13:12]} 26. Bxc4
{[%clk 0:05:41]} a5 {[%clk 0:13:37]} 27. Re1 {[%clk 0:04:28]} Rc7
{[%clk 0:13:09]} 28. b3 {[%clk 0:04:42]} Nd7 {[%clk 0:09:45]} 29. Nf1
{[%clk 0:04:41]} Nb6 {[%clk 0:09:26]} 30. Ne3 {[%clk 0:04:08]} Bd7
{[%clk 0:09:43]} 31. Reh1 {[%clk 0:03:49]} Re7 {[%clk 0:09:49]} 32. R1h4
{[%clk 0:03:24]} Bc8 {[%clk 0:07:48]} 33. Kb2 {[%clk 0:02:28]} Rf7
{[%clk 0:07:01]} 34. Bd3 {[%clk 0:02:18]} Rxf3 {[%clk 0:01:49]} 35. Bxg6
{[%clk 0:02:43]} Rxe3 {[%clk 0:02:09]} 36. Bxh7+ {[%clk 0:03:00]} Kf8
{[%clk 0:02:11]} 37. Bc2 {[%clk 0:03:03]} Rg7 {[%clk 0:02:10]} 38. Rxd6
{[%clk 0:02:51]} Nd7 {[%clk 0:01:44]} 39. Rc6 {[%clk 0:02:17]} Rc3
{[%clk 0:01:28]} 40. g6 {[%clk 0:01:20]} Rxc6 {[%clk 0:00:56]} 41. dxc6
{[%clk 0:01:46]} Nf6 {[%clk 0:29:26]} 42. a3 {[%clk 0:31:45]} Bg4
{[%clk 0:27:53]} 43. axb4 {[%clk 0:30:56]} axb4 {[%clk 0:28:17]} 44. Rh8+
{[%clk 0:29:04]} Rg8 {[%clk 0:27:56]} 45. Rh1 {[%clk 0:28:35]} Ke7
{[%clk 0:26:26]} 46. Ra1 {[%clk 0:27:18]} Kd6 {[%clk 0:18:31]} 47. Rf1
{[%clk 0:23:05]} Ne8 {[%clk 0:15:31]} 48. Be4 {[%clk 0:22:28]} Bh5
{[%clk 0:14:43]} 49. Rf7 {[%clk 0:14:57]} Rg7 {[%clk 0:10:40]} 50. c7
{[%clk 0:10:45]} Bg4 {[%clk 0:09:28]} 51. Bb7 {[%clk 0:09:51]} Rxg6
{[%clk 0:09:12]} 52. c8=Q {[%clk 0:10:15]} Bxc8 {[%clk 0:09:38]} 53. Bxc8
{[%clk 0:10:40]} Rg2+ {[%clk 0:08:20]} 54. Kc1 {[%clk 0:11:04]} Nc7
{[%clk 0:06:00]} 55. Rd7+ {[%clk 0:09:15]} Kc6 {[%clk 0:06:24]} 56. Re7
{[%clk 0:09:23]} Rg8 {[%clk 0:05:44]} 57. Bf5 {[%clk 0:09:06]} Re8
{[%clk 0:05:47]} 58. Bd7+ {[%clk 0:09:00]} Kd6 {[%clk 0:05:37]} 59. Rxe8
{[%clk 0:09:21]} Kxd7 {[%clk 0:06:01]} 60. Rxe5 {[%clk 0:09:47]} Kc6
{[%clk 0:06:24]} 61. Kd2 {[%clk 0:09:26]} Nb5 {[%clk 0:05:46]} 62. Kd3
{[%clk 0:09:41]} Na3 {[%clk 0:05:58]} 63. Kd4 {[%clk 0:09:35]} Kb6
{[%clk 0:06:17]} 64. Rc5 {[%clk 0:09:29]} Ka6 {[%clk 0:06:20]} 65. Kd5
{[%clk 0:09:23]} Kb6 {[%clk 0:06:43]} 66. Rc8 {[%clk 0:09:18]} Kb7
{[%clk 0:06:53]} 67. Rc6 {[%clk 0:09:02]} Ka7 {[%clk 0:06:25]} 68. Kc5
{[%clk 0:08:31]} Nc2 {[%clk 0:06:49]} 69. Rd6 {[%clk 0:06:45]} 1-0

[Event "1.CLZ 14/15,Unichess B-TJ Spartak Vlasim"]
[Site "Praha"]
[Date "2015.03.22"]
[Round "10.6"]
[White "Stoklasa, Jan"]
[Black "Sura, Jaroslav"]
[Result "1-0"]
[BlackElo "2104"]
[WhiteElo "2162"]
[LiveChessVersion "1.4.4"]

1. e4 {[%clk 1:30:46]} e5 {[%clk 1:30:55]} 2. Bc4 {[%clk 1:30:58]} Nf6
{[%clk 1:30:57]} 3. d3 {[%clk 1:30:35]} c6 {[%clk 1:28:51]} 4. Nf3
{[%clk 1:29:27]} d5 {[%clk 1:28:36]} 5. Bb3 {[%clk 1:29:19]} Bd6 {[%clk 1:28:49]}
6. Nc3 {[%clk 1:28:55]} Be6 {[%clk 1:25:00]} 7. Bg5 {[%clk 1:24:16]} Qa5
{[%clk 1:18:13]} 8. O-O {[%clk 1:22:36]} Nbd7 {[%clk 1:17:28]} 9. exd5
{[%clk 1:21:03]} Nxd5 {[%clk 1:12:38]} 10. Nxd5 {[%clk 1:20:36]} Bxd5
{[%clk 1:11:58]} 11. Nh4 {[%clk 1:18:27]} h6 {[%clk 0:52:09]} 12. Qh5
{[%clk 1:10:52]} Nf6 {[%clk 0:51:40]} 13. Bxf6 {[%clk 1:10:25]} gxf6
{[%clk 0:52:01]} 14. Qf5 {[%clk 0:57:07]} Rg8 {[%clk 0:25:31]} 15. f4
{[%clk 0:49:00]} exf4 {[%clk 0:23:43]} 16. Qxf6 {[%clk 0:42:18]} Kd7
{[%clk 0:21:02]} 17. Rae1 {[%clk 0:38:44]} Rg5 {[%clk 0:18:24]} 18. c4
{[%clk 0:28:13]} Be6 {[%clk 0:14:58]} 19. c5 {[%clk 0:22:58]} Bxc5+
{[%clk 0:07:03]} 20. d4 {[%clk 0:22:40]} Bxb3 {[%clk 0:02:28]} 21. axb3
{[%clk 0:22:28]} Bxd4+ {[%clk 0:01:21]} 22. Qxd4+ {[%clk 0:22:39]} Qd5
{[%clk 0:00:57]} 23. Rxf4 {[%clk 0:20:31]} 1-0

[Event "1.CLZ 14/15,Unichess B-TJ Spartak Vlasim"]
[Site "Praha"]
[Date "2015.03.22"]
[Round "10.7"]
[White "Lacha, Josef"]
[Black "Vojta, Pavel"]
[Result "0-1"]
[BlackElo "2203"]
[WhiteElo "2003"]
[LiveChessVersion "1.4.4"]

1. d4 {[%clk 1:30:57]} Nf6 {[%clk 1:30:53]} 2. Nf3 {[%clk 1:31:14]} e6
{[%clk 1:31:14]} 3. Bg5 {[%clk 1:31:31]} d5 {[%clk 1:31:09]} 4. e3
{[%clk 1:31:42]} Be7 {[%clk 1:31:24]} 5. Bd3 {[%clk 1:31:42]} h6 {[%clk 1:31:27]}
6. Bh4 {[%clk 1:31:09]} O-O {[%clk 1:30:51]} 7. O-O {[%clk 1:30:50]} b6
{[%clk 1:29:13]} 8. Qe2 {[%clk 1:29:24]} Ne4 {[%clk 1:27:32]} 9. Bxe7
{[%clk 1:29:21]} Qxe7 {[%clk 1:27:56]} 10. Ne5 {[%clk 1:27:01]} Nd7
{[%clk 1:25:27]} 11. Nxd7 {[%clk 1:18:43]} Bxd7 {[%clk 1:17:57]} 12. f3
{[%clk 1:18:50]} Nd6 {[%clk 1:16:14]} 13. Nd2 {[%clk 1:18:46]} c5
{[%clk 1:13:07]} 14. c3 {[%clk 1:17:17]} e5 {[%clk 1:07:37]} 15. dxe5
{[%clk 1:15:10]} Qxe5 {[%clk 1:07:42]} 16. e4 {[%clk 1:11:29]} dxe4
{[%clk 1:02:13]} 17. Nxe4 {[%clk 1:11:27]} Rfe8 {[%clk 0:54:00]} 18. Rfe1
{[%clk 1:09:15]} Bc6 {[%clk 0:40:37]} 19. Nxd6 {[%clk 1:06:27]} Qxd6
{[%clk 0:38:45]} 20. Qc2 {[%clk 1:04:20]} Rad8 {[%clk 0:35:38]} 21. Be4
{[%clk 1:04:16]} Bxe4 {[%clk 0:33:05]} 22. Rxe4 {[%clk 0:59:25]} Rxe4
{[%clk 0:33:11]} 23. Qxe4 {[%clk 0:58:43]} Qd2 {[%clk 0:31:48]} 24. Qe7
{[%clk 0:57:31]} Rf8 {[%clk 0:31:49]} 25. Rb1 {[%clk 0:43:43]} Qc2
{[%clk 0:30:35]} 26. Qe4 {[%clk 0:41:57]} Qxe4 {[%clk 0:30:14]} 27. fxe4
{[%clk 0:42:25]} Rd8 {[%clk 0:30:16]} 28. Kf2 {[%clk 0:33:33]} Rd2+
{[%clk 0:30:06]} 29. Kf3 {[%clk 0:33:42]} Kf8 {[%clk 0:30:10]} 30. h4
{[%clk 0:30:16]} Ke7 {[%clk 0:30:09]} 31. g3 {[%clk 0:29:31]} Kf6
{[%clk 0:28:54]} 32. Ke3 {[%clk 0:28:06]} Rc2 {[%clk 0:28:46]} 33. Rf1+
{[%clk 0:28:12]} Ke6 {[%clk 0:27:26]} 34. Rf2 {[%clk 0:28:22]} Rxf2
{[%clk 0:25:12]} 35. Kxf2 {[%clk 0:28:49]} Ke5 {[%clk 0:24:41]} 36. Ke3
{[%clk 0:29:05]} h5 {[%clk 0:24:40]} 37. Kf3 {[%clk 0:27:48]} c4 {[%clk 0:22:59]}
38. Ke3 {[%clk 0:18:18]} a5 {[%clk 0:21:02]} 39. Kf3 {[%clk 0:17:22]} a4
{[%clk 0:17:28]} 40. a3 {[%clk 0:17:14]} g6 {[%clk 0:15:55]} 41. Ke3
{[%clk 0:16:02]} f6 {[%clk 0:16:01]} 42. Kf3 {[%clk 0:15:45]} g5 {[%clk 0:16:11]}
43. Ke3 {[%clk 0:11:48]} g4 {[%clk 0:16:26]} 0-1

[Event "1.CLZ 14/15,Unichess B-TJ Spartak Vlasim"]
[Site "Praha"]
[Date "2015.03.22"]
[Round "10.8"]
[White "Hrdina, Robin"]
[Black "Splichal, Petr"]
[Result "1-0"]
[BlackElo "1990"]
[WhiteElo "2106"]
[LiveChessVersion "1.4.4"]

1. b3 {[%clk 1:30:57]} d5 {[%clk 1:29:07]} 2. f4 {[%clk 1:31:19]} Nf6 3. Nf3 e6
{[%clk 1:29:27]} 4. e3 {[%clk 1:31:43]} Bd6 {[%clk 1:28:05]} 5. Bb2
{[%clk 1:31:57]} O-O {[%clk 1:28:18]} 6. Be2 {[%clk 1:32:08]} Nc6
{[%clk 1:23:16]} 7. O-O {[%clk 1:31:32]} Qe7 8. Ne5 Nd7 {[%clk 1:18:48]} 9. d4
{[%clk 1:25:26]} Nb6 {[%clk 1:04:19]} 10. c4 {[%clk 1:21:48]} Bxe5
{[%clk 1:02:52]} 11. fxe5 {[%clk 1:19:50]} Qg5 {[%clk 1:00:40]} 12. Bc1
{[%clk 1:12:03]} f5 {[%clk 0:55:39]} 13. c5 {[%clk 1:04:30]} Nd7 {[%clk 0:55:54]}
14. e4 {[%clk 1:04:15]} Qe7 {[%clk 0:56:02]} 15. exd5 {[%clk 1:03:57]} exd5
{[%clk 0:54:53]} 16. Nc3 {[%clk 1:03:22]} Qh4 {[%clk 0:47:34]} 17. Rf4
{[%clk 1:00:41]} Qd8 {[%clk 0:47:31]} 18. Nxd5 {[%clk 0:58:12]} g5
{[%clk 0:44:10]} 19. Rf2 {[%clk 0:53:50]} Ndb8 {[%clk 0:41:05]} 20. Bc4
{[%clk 0:52:08]} Kg7 {[%clk 0:41:26]} 21. Bb2 {[%clk 0:50:14]} Be6
{[%clk 0:38:46]} 22. Nf6 {[%clk 0:46:39]} Bxc4 {[%clk 0:36:54]} 23. bxc4
{[%clk 0:46:44]} Ne7 {[%clk 0:36:35]} 24. d5 {[%clk 0:46:16]} Nd7
{[%clk 0:35:59]} 25. Nxd7 {[%clk 0:46:37]} 1-0